| 000 | 00687cab a2200229 4500 | ||
|---|---|---|---|
| 001 | ABS50918 | ||
| 008 | 090401t1994 xxu||||| |||| 00| 0 eng d | ||
| 035 | _a(Sirsi) u1564 | ||
| 041 | _aeng | ||
| 245 | _aMainly plain in Spain | ||
| 260 | _c1994 | ||
| 350 | _a0 | ||
| 490 |
_aBuilding Market Report _vJune 1994, 5(1) |
||
| 520 | _aExamines the Spanish construction industry in the light of a new report "Spanish construction on the threshold of the year 2000" by Construmat. | ||
| 650 | _aBUILT ENVIRONMENT-BUILDING MATERIALS | ||
| 650 | _aCONSTRUCTION MARKET | ||
| 650 | _aHOUSE BUILDING | ||
| 650 | _aSPAIN | ||
| 690 | _aOVERSEAS-EUROPE | ||
| 942 | _n0 | ||
| 948 | _c04/03/1997 | ||
| 999 |
_c881 _d881 |
||